000 00932nam a22003018i 4500
001 021342020
003 EG-ScBUE
005 20260208110017.0
008 240917s2025 enka f b 001 0 eng d
020 _a9781032517940
040 _aStDuBDS
_beng
_erda
_cStDuBDS
_dEG-ScBUE
082 0 4 _a724
_222
_bLIV
100 1 _aLivesey, Graham,
_d1960-
_eauthor.
245 1 0 _aModern architecture /
_cGraham Livesey.
264 1 _aLondon :
_bRoutledge,
_c2025.
300 _a276 pages :
_billustrations (black and white) ;
_c20 cm.
336 _atext
_2rdacontent
_btxt
336 _astill image
_2rdacontent
_btxt
337 _aunmediated
_2rdamedia
_bn
338 _avolume
_2rdacarrier
_bnc
490 0 _aThe basics
504 _aIncludes bibliographical references and index.
650 7 _aArchitecture, Modern.
_2BUEsh
653 _cFebruary2026
_bENGARC
655 _vReading book
942 _2ddc
_cBB
999 _c31091
_d31062